| 000 | 01768cam a2200337 a 4500 | ||
|---|---|---|---|
| 001 | 15341144 | ||
| 005 | 20170822175037.0 | ||
| 008 | 080624s2008 nyu 001 0 eng | ||
| 010 | _a 2008028036 | ||
| 020 | _a9780735571402 | ||
| 020 | _a9780735571419 (pbk. : teacher's manual) | ||
| 040 |
_aDLC _cDLC _dBSU |
||
| 043 | _an-us--- | ||
| 050 | 0 | 0 |
_aKF1355 _b.S63 2008 |
| 082 | 0 | 0 |
_a346.73SMI _222 |
| 100 | 1 |
_aSmith, D. Gordon, _d1962- _917937 |
|
| 245 | 1 | 0 |
_aBusiness organizations : _bcases, problems, and case studies / _cD. Gordon Smith, Cynthia A. Williams. |
| 250 | _a2nd ed. | ||
| 260 |
_aNew York : _bAspen Publishers, _cc2008. |
||
| 300 |
_axxi, 1033 p. ; _c26 cm. + _eteacher's manual. |
||
| 500 | _aIncludes index. | ||
| 505 | 0 | _aThe law of agency -- Partnerships -- Limited liability companies -- Organization and structure of a corporation -- Financial rights of shareholders -- Control of the closely held firm -- Oppression of minority shareholders -- Control of the publicly held firm -- Duty of care -- Duty of loyalty -- Litigation to enforce directors' duties -- Friendly mergers and acquisitions -- Defending against hostile takeovers -- Regulation of disclosure, fraud, and insider trading. | |
| 650 | 0 |
_aBusiness enterprises _xLaw and legislation _zUnited States _vCases. _917938 |
|
| 650 | 0 |
_aCorporation law _zUnited States _vCases. _917939 |
|
| 658 | _aLaw | ||
| 700 | 1 |
_aWilliams, Cynthia A., _d1955- _917940 |
|
| 856 | 4 | 1 |
_3Table of contents only _uhttp://www.loc.gov/catdir/toc/ecip0821/2008028036.html |
| 906 |
_a7 _bcbc _corignew _d1 _eecip _f20 _gy-gencatlg |
||
| 942 |
_2ddc _cBK |
||
| 999 |
_c8432 _d8432 |
||